Southern Europe Capitals by Satellite Image - Statistics

General Stats
  • This quiz has been taken 20 times
  • The average score is 13 of 16
Answer Stats
Picture Answer % Correct
Athens
94%
Rome
94%
Vatican City
94%
Madrid
88%
Lisbon
82%
Valletta
82%
Zagreb
82%
Andorra la Vella
76%
San Marino
76%
Sarajevo
76%
Skopje
76%
Tirana
76%
Belgrade
71%
Podgorica
65%
Pristina
65%
Ljubljana
59%
No matching quizzes found
Score Distribution
Percent of People with Each Score
Percentile by Number Answered
Your Score History
You have not taken this quiz